Colors! - Statistics

General Stats
  • This quiz has been taken 89 times
    59 since last reset
  • The average score is 44 of 208
Answer Stats
good boi color here % Correct
Red
89%
Blue
87%
Orange
85%
Yellow
83%
Black
81%
Green
81%
Brown
79%
Pink
79%
Gold
77%
Gray
74%
White
74%
Violet
70%
Purple
68%
Silver
68%
Magenta
66%
Beige
62%
Tan
60%
Sky
57%
Lime
55%
Turquoise
55%
Cyan
53%
Navy
51%
Rose
49%
Tea
49%
Indigo
47%
Lavender
47%
Apple
45%
Emerald
45%
Lilac
45%
Maroon
45%
Peach
43%
Aqua
40%
Copper
40%
Crimson
40%
Aquamarine
38%
Bronze
38%
Cream
38%
Forest
38%
Olive
38%
Periwinkle
38%
Sea
38%
Teal
38%
Chartreuse
36%
Lemon
36%
Straw
36%
Strawberry
36%
Mauve
34%
Neon
34%
Coral
30%
Ivory
30%
Jade
30%
Khaki
30%
Midnight
30%
Scarlet
30%
Amber
28%
Amethyst
28%
Brick
28%
Mint
28%
Opal
28%
Pearl
28%
Salmon
28%
Sand
28%
Cherry
26%
Diamond
26%
Banana
23%
Dandelion
23%
Ebony
23%
Ocean
23%
Rust
23%
Skyan
23%
Tangerine
23%
Wine
23%
Apricot
21%
Cobalt
21%
Garnet
21%
Ochre
21%
Off-White
21%
Platinum
21%
Plum
21%
Steel
21%
Azure
19%
Cerulean
19%
Dirt
19%
Fuschia
19%
Moss
19%
Quartz
19%
Raspberry
19%
Taupe
19%
Lapis
17%
Mango
17%
Orchid
17%
Royal Blue
17%
Seafoam
17%
Auburn
15%
Charcoal
15%
Chocolate
15%
Lily
15%
Umber
15%
Vermilion
15%
Almond
13%
Denim
13%
Eggplant
13%
Mustard
13%
Pistachio
13%
Snowdrop
13%
Vanilla
13%
Ash
11%
Bubblegum
11%
Chestnut
11%
Daisy
11%
Fern
11%
Goldenrod
11%
Marigold
11%
Pomegranate
11%
Royal Purple
11%
Shadow
11%
Slate
11%
Spring
11%
Ultramarine
11%
Blossom
9%
Carmine
9%
Celadon
9%
Cerise
9%
Coal
9%
Ice
9%
Malachite
9%
Mist
9%
Mocha
9%
Peridot
9%
Peru
9%
Acid
6%
Amaranth
6%
Aubergine
6%
Clover
6%
Dawn
6%
Dusk
6%
Ecru
6%
Jam
6%
Night
6%
Prune
6%
Pumpkin
6%
Saffron
6%
Aegean
4%
Amazon
4%
Beau
4%
Bitter
4%
Celeste
4%
Crystal
4%
Glaucous
4%
Navajo
4%
Shamrock
4%
Ube
4%
Verdigris
4%
Viridian
4%
Void
4%
Wisteria
4%
Xanadu
4%
Absolute Zero
2%
Aero
2%
Alablaster
2%
Algae
2%
Alizarin
2%
Alloy
2%
Alpine
2%
Ao
2%
Aparagus
2%
Artichoke
2%
Arylide
2%
Atomic
2%
Bistre
2%
Boysenberry
2%
Calypso
2%
Capri
2%
Coquelicot
2%
Crisp
2%
Cyber
2%
Eclipse
2%
Fulvous
2%
Glue
2%
Heliotrope
2%
Kelly
2%
Maya
2%
Mimosa
2%
Mystic
2%
Nadeshiko
2%
Nyanza
2%
Pantone
2%
Parchment
2%
Phlox
2%
Phthalo
2%
Poinsetta
2%
Pondwater
2%
Sacramento
2%
Trypan
2%
Verdant
2%
Verdun
2%
Vermore
2%
Vitex
2%
Void Orange
2%
Volt
2%
Xanathic
2%
Yinmn
2%
Zaffre
2%
Zinnwaldite
2%
Zomp
2%
No matching quizzes found
Score Distribution
Percent of People with Each Score
Percentile by Number Answered
Your Score History
You have not taken this quiz since the last reset